| 000 | 00535 a2200193 4500 | ||
|---|---|---|---|
| 005 | 20260227094956.0 | ||
| 008 | 260225b |||||||| |||| 00| 0 eng d | ||
| 020 |
_a9789384857950 _cRs. 845.00 |
||
| 040 | _aMAIN | ||
| 082 |
_a301.954 _bR18I |
||
| 100 | _aRao, C N Shankar | ||
| 245 | _aIndian social problems: A sociological perspective | ||
| 260 |
_bS Chand Publishing _c2026 _aNoida |
||
| 300 | _axvii, 645 | ||
| 650 | _aSocial Conditions-India | ||
| 650 | _aSociology-India | ||
| 650 | _aSocial Problems-India | ||
| 942 | _cBK | ||
| 999 |
_c396311 _d396311 |
||